| 000 | 00381cam a2200145ua 4500 | ||
|---|---|---|---|
| 041 |
_aeng _h |
||
| 082 |
_a030.8 _bSTE/CA |
||
| 100 | _aSteinberg, S H . | ||
| 245 | 0 | 0 |
_aCassell`s encylopaedia of literature, Vol 2 / _cS H Steinberg. _hTextual Documents |
| 260 |
_aLondon : _bCassel and Company , _c1953. |
||
| 300 | _a2086 ; . | ||
| 504 | _a | ||
| 942 | _cBK | ||
| 999 |
_c8976 _d8976 |
||